| 000 | 00508cam a22002051 4500 | ||
|---|---|---|---|
| 001 | sa 63000733 | ||
| 003 | DLC | ||
| 005 | 20260227111923.0 | ||
| 008 | 890918s1962 ii 000 0 hino | ||
| 010 | _asa 63000733 | ||
| 035 | _a(OCoLC)20364296 | ||
| 040 |
_aDLC _cWaU _dDLC |
||
| 050 | 0 | 0 |
_aPK2033 _b.S4665 |
| 100 | 1 |
_aŚarmā, Rāmagopāla, _d1929- |
|
| 245 | 1 | 0 | _aSāhityaka nibandha saṅgraha. |
| 260 | _c[1962] | ||
| 300 |
_a414 p. _c19 cm. |
||
| 500 | _aIn Hindi. | ||
| 650 | 0 | _aHindi literature. | |
| 999 |
_c53596 _d53596 |
||